| 000 | 00643nam a22002057a 4500 | ||
|---|---|---|---|
| 003 | OSt | ||
| 005 | 20140310182940.0 | ||
| 008 | 130202t xxu||||| |||| 00| 0 eng d | ||
| 020 | _a9789710507078 | ||
| 050 |
_aJQ 1409.5 _b.V144 2009 |
||
| 082 |
_aFIL 306.209599 _b.V144 2009 |
||
| 245 |
_aA nation of zombies : powerless grassroots, clueless elite, and the cycle of corruption in the Philippines _cValdehuesa, Manuel E., Jr |
||
| 260 |
_aCagayan de Oro City _bCapitol University Press _cc2009 |
||
| 300 |
_ax, 119 p. _c23 cm. |
||
| 521 | _aCollege | ||
| 526 | _c1210L-1700L | ||
| 541 | _j1 | ||
| 562 | _e1 | ||
| 942 |
_2lcc _cBK _kFIL |
||
| 999 |
_c17696 _d17696 |
||